000 00324nam a2200133Ia 4500
008 231129s1973||||xx |||||||||||||| ||spa||
040 _bspa
082 _aR 636.0202 E56m
100 _aEnsminger M.E.
245 0 _aManual del ganadero
260 _c1973
264 _aCentro Regional de Ayuda Tecnica.
942 _2ddc
_cBKS
999 _c20490
_d20490